|
|
|
|
| LEADER |
00000cam a2200000 a 4500 |
| 001 |
vtls001474321 |
| 003 |
SK-MaSNL |
| 005 |
20260302073532.0 |
| 008 |
240801s2003 xo a 000 p ukr |
| 015 |
|
|
|a SNBA2004/07-03768
|
| 020 |
|
|
|a 8088890349
|
| 035 |
|
|
|a SNK000429622
|
| 035 |
|
|
|a urn:nbn:sk:snk-amjdng
|
| 035 |
|
|
|a urn:nbn:sk:snk-am003eau
|
| 035 |
|
|
|a 8E0AD04C-51D5-4E73-95AA-C8ADB3ED0B7B
|
| 040 |
|
|
|a SNK
|b slo
|c SNK
|e AACR2
|
| 041 |
1 |
|
|a ukr
|h slo
|
| 044 |
|
|
|a xo
|c SK
|
| 072 |
|
7 |
|a 821.162.4-1
|x Slovenská poézia
|2 konspekt
|
| 080 |
|
|
|a 821.162.4-1=161.2
|2 1981
|
| 080 |
|
|
|a 821.162.4-1
|2 1981
|
| 100 |
1 |
|
|a Hevier, Daniel,
|d 1955-
|4 aut
|9 103400
|
| 240 |
1 |
0 |
|a Uprostred pokušenia
|l Ukrajinsky
|
| 245 |
1 |
0 |
|a Posered spokusy
|b vybrani poeziji
|c Danijel Hev`jer ; pereklav zi slovac'koji Milan Bobak ; [iljustracii Stanislav Šalko]
|
| 250 |
|
|
|a 1. vyd.
|
| 260 |
|
|
|a Prjašiv
|b Cuper
|c 2003
|
| 300 |
|
|
|a 70 s.
|b ilustr.
|c 16 cm
|
| 500 |
|
|
|a Súbež. tir. slov.
|
| 500 |
|
|
|a Rozlož. ilustr. tit. strana
|
| 650 |
0 |
7 |
|a slovenská poézia
|2 SNKPH
|9 215422
|
| 650 |
0 |
7 |
|a preklady do ukrajinčiny
|2 SNKPH
|9 65885
|
| 655 |
|
7 |
|a umelecká literatúra
|2 SNKPH
|9 60405
|
| 700 |
1 |
|
|a Bobák, Milan,
|d 1944-
|4 trl
|9 100945
|
| 700 |
1 |
|
|a Šalko, Stanislav
|4 ill
|9 47107
|
| 752 |
|
|
|a Prešov
|
| 852 |
|
|
|a Slovenská národná knižnica
|
| 919 |
|
|
|a 80-88890-34-9
|
| 954 |
|
|
|a beletria pôvodná (slovenská)
|2 lita
|
| 958 |
|
|
|a LX
|
| 958 |
|
|
|a UP
|
| 958 |
|
|
|a SK
|
| 958 |
|
|
|a UA
|
| 968 |
|
|
|a UKR
|b SLO
|
| 999 |
|
|
|c 1161228
|d 1163158
|
| 952 |
|
|
|t P60, <03>, [BOOK], {603}
|a SNK
|b SNK
|y PREZ
|7 0
|p 17A0423306
|o snkSD 73839
|i snkKSP 6143/2004
|0 0
|1 0
|4 0
|d 2004-05-04
|l 0
|r 2025-11-20 00:00:00
|w 2026-02-24
|
| 952 |
|
|
|t P60, <04>, [BOOK], {604}
|a SNK
|b SNK
|y VYP
|7 0
|p 17A0423307
|o snkSD 73839 D1
|i snkKSP 6144/2004
|0 0
|1 0
|4 0
|d 2004-05-04
|f 1
|l 0
|r 2005-01-02 00:00:00
|w 2026-02-24
|